00569nam a2200169Ia 4500008004100000100002100041245008500062245002100147260005900168260000900227300001200236650001800248650001500266856002600281999001900307952007300326170221s9999 xx 000 0 und d aMaria Goncharova aPlanet Play: Designing A Game For Children To Promote Environmental Awareness.  cMaria Goncharova bOnline Journal of Communication and Media Technologies c2013 a33 : 14 xCommunication xMedia Arts uhttp://www.ojcmt.net/ c311120d311120 001040aCLbCLd2017-02-21l0r2017-02-21 00:00:00w2017-02-21yFOJ